Distritos do Pará em um Mapa - Statistics

Estatísticas Gerais
  • Esse quiz foi jogado 69 vezes
  • A pontuação média é 28 de 256
Respostas no mapa
Respostas codificadas por cores de uma escala verde-vermelha no mapa do quiz de acordo com a % correta abaixo.
 
Estatísticas das Respostas
Município Distrito % Correto
Belém Belém
88%
Altamira Altamira
56%
Ananindeua Ananindeua
54%
Santarém Santarém
46%
Castanhal Castanhal
38%
Marabá Marabá
38%
Marituba Marituba
38%
Bragança Bragança
37%
Parauapebas Parauapebas
35%
São Félix do Xingu São Félix do Xingu
35%
Paragominas Paragominas
33%
Salinópolis Salinópolis
33%
Afuá Afuá
29%
Breves Breves
29%
Cametá Cametá
29%
Abaetetuba Abaetetuba
27%
Santa Izabel do Pará Santa Izabel do Pará
27%
Acará Acará
25%
Santarém Alter do Chão
25%
Aveiro Aveiro
25%
Jacareacanga Jacareacanga
25%
Redenção Redenção
25%
Benevides Benevides
23%
Bonito Bonito
23%
Santana do Araguaia Santana do Araguaia
23%
Alenquer Alenquer
21%
Almeirim Almeirim
21%
Barcarena Barcarena
21%
Canaã dos Carajás Canaã dos Carajás
21%
Capitão Poço Capitão Poço
21%
Chaves Chaves
21%
Faro Faro
21%
Belém Icoaraci
21%
Belém Mosqueiro
21%
Soure Soure
21%
Tailândia Tailândia
21%
Bagre Bagre
19%
Capanema Capanema
19%
Curuçá Curuçá
19%
Igarapé-Açu Igarapé-Açu
19%
Itaituba Itaituba
19%
Jacundá Jacundá
19%
Mãe do Rio Mãe do Rio
19%
Oriximiná Oriximiná
19%
Anajás Anajás
17%
Colares Colares
17%
Curralinho Curralinho
17%
Eldorado do Carajás Eldorado do Carajás
17%
Maracanã Maracanã
17%
Monte Alegre Monte Alegre
17%
Novo Progresso Novo Progresso
17%
Novo Repartimento Novo Repartimento
17%
Rondon do Pará Rondon do Pará
17%
São Miguel do Guamá São Miguel do Guamá
17%
Viseu Viseu
17%
Abel Figueiredo Abel Figueiredo
15%
Altamira Castelo dos Sonhos
15%
Igarapé-Miri Igarapé-Miri
15%
Melgaço Melgaço
15%
Moju Moju
15%
Belém Outeiro
15%
Pau D'Arco Pau D'Arco
15%
Portel Portel
15%
Salvaterra Salvaterra
15%
Santa Bárbara do Pará Santa Bárbara do Pará
15%
Tucumã Tucumã
15%
Água Azul do Norte Água Azul do Norte
13%
Bom Jesus do Tocantins Bom Jesus do Tocantins
13%
Belém Guamá
13%
Juruti Juruti
13%
Marapanim Marapanim
13%
Óbidos Óbidos
13%
Oeiras do Pará Oeiras do Pará
13%
Santa Luzia do Pará Santa Luzia do Pará
13%
Santa Maria do Pará Santa Maria do Pará
13%
Castanhal Apeú
12%
Baião Baião
12%
Bannach Bannach
12%
Floresta do Araguaia Bela Vista
12%
Belterra Belterra
12%
Breu Branco Breu Branco
12%
Garrafão do Norte Garrafão do Norte
12%
Inhangapi Inhangapi
12%
Magalhães Barata Magalhães Barata
12%
Porto de Moz Porto de Moz
12%
Santa Cruz do Arari Santa Cruz do Arari
12%
Santa Mariadas Barreiras Santa Mariadas Barreiras
12%
São Félix do Xingu Taboca
12%
Terra Alta Terra Alta
12%
Anapu Anapu
10%
Augusto Corrêa Augusto Corrêa
10%
Aurora do Pará Aurora do Pará
10%
Brasil Novo Brasil Novo
10%
Bujaru Bujaru
10%
Cumaru do Norte Cumaru do Norte
10%
Curionópolis Curionópolis
10%
Dom Eliseu Dom Eliseu
10%
Marapanim Marudá
10%
Marapanim Matapiquara
10%
Medicilândia Medicilândia
10%
Santa Mariadas Barreiras Nova Esperança
10%
Nova Timboteua Nova Timboteua
10%
Pacajá Pacajá
10%
Palestina do Pará Palestina do Pará
10%
Ponta de Pedras Ponta de Pedras
10%
São Francisco do Pará São Francisco do Pará
10%
São Sebastiãoda Boa Vista São Sebastiãoda Boa Vista
10%
Xinguara Xinguara
10%
Santa Izabel do Pará Americano
8%
Benevides Benfica
8%
Quatipuru Boa Vista
8%
Brejo Grandedo Araguaia Brejo Grandedo Araguaia
8%
Cachoeira do Arari Cachoeira do Arari
8%
Conceição do Araguaia Conceição do Araguaia
8%
Concórdia do Pará Concórdia do Pará
8%
Curuá Curuá
8%
Floresta do Araguaia Floresta do Araguaia
8%
Goianésia do Pará Goianésia do Pará
8%
Gurupá Gurupá
8%
Irituia Irituia
8%
Itupiranga Itupiranga
8%
Limoeiro do Ajuru Limoeiro do Ajuru
8%
Novo Repartimento Maracajá
8%
Mojuí dos Campos Mojuí dos Campos
8%
Almeirim Monte Dourado
8%
Muaná Muaná
8%
Nova Ipixuna Nova Ipixuna
8%
Ourilândia do Norte Ourilândia do Norte
8%
Peixe-Boi Peixe-Boi
8%
Primavera Primavera
8%
Santarém Novo Santarém Novo
8%
Santo Antônio do Tauá Santo Antônio do Tauá
8%
São João do Araguaia São João do Araguaia
8%
Tomé-Açu Tomé-Açu
8%
Novo Repartimento Vitória da Conquista
8%
Vitória do Xingu Vitória do Xingu
8%
Bragança Almoço
6%
Cametá Areião
6%
Almeirim Arumanduba
6%
Augusto Corrêa Aturiaí
6%
Aveiro Brasília Legal
6%
Cachoeira do Piriá Cachoeira do Piriá
6%
Magalhães Barata Cafezal
6%
Cametá Carapajó
6%
Santa Izabel do Pará Caraparu
6%
Bragança Caratateua
6%
Igarapé-Açu Caripi
6%
Gurupá Carrazedo
6%
Breves Curumu
6%
Rurópolis Divinópolis
6%
Augusto Corrêa Emboraí
6%
Belém Entroncamento
6%
Bujaru Guajará-Açu
6%
Acará Guajará-Miri
6%
Ipixuna do Pará Ipixuna do Pará
6%
Augusto Corrêa Itapixuna
6%
Gurupá Itatupã
6%
Cametá Janua Coeli
6%
Baião Joana Peres
6%
Cametá Juaba
6%
Curuçá Lauro Sodré
6%
Igarapé-Miri Maiauatá
6%
Capanema Mirasselvas
6%
Mocajuba Mocajuba
6%
Cametá Moiraba
6%
Barcarena Murucupi
6%
Faro Nova Maracanã
6%
Bragança Nova Mocajuba
6%
Ourém Ourém
6%
Bagre Pedreira
6%
Piçarra Piçarra
6%
Aveiro Pinhel
6%
Curralinho Piriá
6%
Placas Placas
6%
Curuçá Ponta de Ramos
6%
Jacareacanga Porto Rico
6%
Marapanim Praia de Marudá
6%
Rio Maria Rio Maria
6%
Belém Sacramenta
6%
São Domingosdo Araguaia São Domingosdo Araguaia
6%
São Domingos do Capim São Domingos do Capim
6%
São João de Pirabas São João de Pirabas
6%
Baião São Joaquim do Ituquara
6%
Breves São Miguel dos Macacos
6%
Brejo Grandedo Araguaia São Raimundodo Araguaia
6%
Chaves São Sebastião de Viçosa
6%
Capanema Tauari
6%
Terra Santa Terra Santa
6%
Bragança Tijoca
6%
Cametá Torres do Cupijó
6%
Baião Umarizal do Tocantins
6%
Breves Antônio Lemos
4%
Melgaço Areias
4%
Novo Repartimento Belo Monte do Pará
4%
Belém Bengui
4%
Moju Cairari
4%
Santa Mariadas Barreiras Casa de Tábua
4%
Salvaterra Condeixa
4%
Cametá Curuçambaba
4%
Viseu Fernandes Belo
4%
Acará Jaguarari
4%
Salvaterra Joanes
4%
Salvaterra Jubim
4%
Salvaterra Monsarás
4%
Marapanim Monte Alegre do Maú
4%
Itaituba Moraes Almeida
4%
Prainha Pacoval
4%
Prainha Prainha
4%
Quatipuru Quatipuru
4%
Rurópolis Rurópolis
4%
São Caetano de Odivelas São Caetano de Odivelas
4%
São Geraldo do Araguaia São Geraldo do Araguaia
4%
Mocajuba São Pedro de Viseu
4%
São Félix do Xingu Sudoeste
4%
Peixe-Boi Tauarizinho
4%
Nova Timboteua Timboteua
4%
Tucuruí Tucuruí
4%
Medicilândia União da Floresta
4%
Porto de Moz Veiros
4%
Vigia Vigia
4%
São Félix do Xingu Vila Ladeira Vermelha
4%
São Félix do Xingu Vila Lindoeste
4%
São Félix do Xingu Vila Nereu
4%
Porto de Moz Vilarinho do Monte
4%
Uruará Alvorada
2%
São João do Araguaia Apinagés
2%
Abaetetuba Beja
2%
Santarém Boim
2%
São Miguel do Guamá Caju
2%
Santarém Curuai
2%
Santo Antônio do Tauá Espírito Santo do Tauá
2%
São João de Pirabas Japerica
2%
Nova Esperança do Piriá Nova Esperança do Piriá
2%
São Caetano de Odivelas Perseverança
2%
Vigia Porto Salvo
2%
Muaná São Franciscoda Jararaca
2%
Viseu São José do Gurupi
2%
Viseu São José do Piriá
2%
Muaná São Miguel do Pracuúba
2%
Santo Antônio do Tauá São Raimundode Borralhos
2%
Sapucaia Sapucaia
2%
Senador José Porfírio Senador José Porfírio
2%
Tracuateua Tracuateua
2%
Trairão Trairão
2%
Ulianópolis Ulianópolis
2%
Uruará Uruará
2%
São Miguel do Guamá Urucuri
2%
São Miguel do Guamá Urucuriteua
2%
Cametá Vila do Carmodo Tocantins
2%
Santarém Arapixuna
0%
Maracanã Boa Esperança
0%
Altamira Cachoeira da Serra
0%
Curuçá Murajá
0%
São João da Ponta São João da Ponta
0%
Maracanã São Roberto
0%
Bragança Treme
0%
Nenhum quiz correspondente encontrado
Distribuição das Pontuações
Porcentagem de Pessoas com Cada Pontuação
Percentil de Números Respondidos
Sua Pontuação Histórica
Você não jogou esse quiz